El Cuerpo Humano
Guardat en:
| Autor principal: | |
|---|---|
| Format: | Llibre |
| Idioma: | espanyol |
| Publicat: |
Barcelona
Parramón
1994
|
| Col·lecció: | Conoce y cuida tu cuerpo
|
| Matèries: | |
| Etiquetes: |
Afegir etiqueta
Sense etiquetes, Sigues el primer a etiquetar aquest registre!
|
MARC
| LEADER | 00000nam a2200000 a 4500 | ||
|---|---|---|---|
| 001 | UCH6776 | ||
| 003 | CL-VaPUC | ||
| 008 | 091109e19940000SP |||||||||||||||||spa|d | ||
| 020 | |a 8434217201 | ||
| 082 | 0 | 4 | |a 612 |b CAN |2 21 |
| 100 | 0 | |a Canal, María Fernanda |e author |9 543375 | |
| 245 | 1 | 3 | |a El Cuerpo Humano |
| 300 | |a 96 p | ||
| 942 | |c BK | ||
| 945 | |d 20091109 00:00:00 |a ccalabra | ||
| 260 | |a Barcelona |b Parramón |c 1994 | ||
| 650 | 0 | |a Anatomía humana |9 269546 | |
| 650 | 0 | |a Sistema nervioso |9 266815 | |
| 650 | 7 | |a SISTEMA REPRODUCTOR |2 CL-VaPUC |9 393424 | |
| 650 | 0 | |a Aparato digestivo |9 269553 | |
| 650 | 0 | |a Sistema inmunitario |9 407125 | |
| 650 | 0 | |a Aparato urinario |9 343785 | |
| 650 | 0 | |a Reproducción |9 269783 | |
| 650 | 7 | |a FISIOLOGIA |2 CL-VaPUC |9 543376 | |
| 583 | |a last modification |c 20091109 00:00:00 |k Rodrigo Vera | ||
| 490 | 0 | |a Conoce y cuida tu cuerpo | |
| 999 | |c 337602 |d 337600 | ||